Genealogía de los dioses paganos
Gespeichert in:
| Hauptverfasser: | , , |
|---|---|
| Format: | Buch |
| Sprache: | Spanisch |
| Veröffentlicht: |
Madrid
Editora Nacional
1983
|
| Schriftenreihe: | Clásicos para una biblioteca contemporánea, Literatura, 30
|
| Schlagworte: | |
| Tags: |
Tag hinzufügen
Keine Tags, Fügen Sie den ersten Tag hinzu!
|
MARC
| LEADER | 00000nam a2200000 a 4500 | ||
|---|---|---|---|
| 001 | UCV7804 | ||
| 003 | CL-VaPUC | ||
| 008 | 891004e19830000SP |||||||||||||||||spa|d | ||
| 082 | 0 | 4 | |a 292.211 |b BOC |2 21 |
| 100 | 0 | |a Boccaccio, Giovanni |e author |9 397 | |
| 700 | 0 | |a Alvarez, María Consuelo |e author |9 301921 | |
| 700 | |a Iglesias Montiel, Rosa María |e author |9 301922 | ||
| 245 | 1 | 0 | |a Genealogía de los dioses paganos |
| 300 | |a 903 p | ||
| 942 | |c BK | ||
| 945 | |d 19891004 00:00:00 | ||
| 260 | |a Madrid |b Editora Nacional |c 1983 | ||
| 650 | 7 | |a MITOLOGIA ROMANA |2 CL-VaPUC |9 265213 | |
| 650 | 0 | |a Mitología clásica |9 265586 | |
| 583 | |a last modification |c 19891004 00:00:00 |k Rodrigo Vera | ||
| 490 | 0 | |a Clásicos para una biblioteca contemporánea, Literatura, 30 | |
| 999 | |c 213425 |d 213423 | ||
| 952 | |0 0 |1 0 |4 0 |6 292_211000000000000_BOC_1983 |7 0 |8 P |9 195786 |a BIBARQ |b BIBARQ |d 2019-11-14 |i 2637871 |o 292.211 BOC 1983 |p 2637871 |r 2025-01-20 |w 2019-11-14 |y BK |k ARQ | ||